Partricipatory Monitoring and Evaluation of Community Projects (Record no. 292)
[ view plain ]
| 000 -LEADER | |
|---|---|
| fixed length control field | 00549nam a22001457a 4500 |
| 008 - FIXED-LENGTH DATA ELEMENTS--GENERAL INFORMATION | |
| fixed length control field | 150408b xxu||||| |||| 00| 0 eng d |
| 020 ## - INTERNATIONAL STANDARD BOOK NUMBER | |
| International Standard Book Number | 9789966083142 |
| 050 ## - LIBRARY OF CONGRESS CALL NUMBER | |
| Classification number | HN 49 .C6M84 2008 |
| 100 ## - MAIN ENTRY--PERSONAL NAME | |
| Personal name | Mulwa, Francis .W |
| Dates associated with a name | 2008 |
| 245 ## - TITLE STATEMENT | |
| Title | Partricipatory Monitoring and Evaluation of Community Projects |
| Statement of responsibility, etc. | Francis W. Mulwa |
| 260 ## - PUBLICATION, DISTRIBUTION, ETC. (IMPRINT) | |
| Place of publication, distribution, etc. | Kenya |
| Name of publisher, distributor, etc. | Paulines |
| Date of publication, distribution, etc. | 2008 |
| 300 ## - PHYSICAL DESCRIPTION | |
| Extent | 296p |
| Other physical details | Bibliography |
| 440 ## - SERIES STATEMENT/ADDED ENTRY--TITLE | |
| Title | Partricipatory Monitoring and Evaluation of Community Projects |
| 942 ## - ADDED ENTRY ELEMENTS (KOHA) | |
| Source of classification or shelving scheme | |
| Koha item type | Hard Covered Materials |
| Classification part | HN 49 .C6M84 2008 |
| Call number prefix | HN |
| Call number suffix | 49 .C6M84 2008 |
| Koha issues (borrowed), all copies | 8 |
| Withdrawn status | Lost status | Source of classification or shelving scheme | Damaged status | Not for loan | Home library | Current library | Date acquired | Total Checkouts | Full call number | Barcode | Date last seen | Date last checked out | Price effective from | Koha item type | Total Renewals |
|---|---|---|---|---|---|---|---|---|---|---|---|---|---|---|---|
| MACHAKOS UNIVERSITY LIBRARY | MACHAKOS UNIVERSITY LIBRARY | 08/04/2015 | 11 | HN 49 .C6M84 2008 | 5065 | 03/06/2019 | 05/11/2018 | 08/04/2015 | Hard Covered Materials | ||||||
| MACHAKOS UNIVERSITY LIBRARY | MACHAKOS UNIVERSITY LIBRARY | 08/04/2015 | 11 | HN 49 .C6M84 2008 | 104 | 30/05/2019 | 27/11/2018 | 08/04/2015 | Hard Covered Materials | 1 |